000 00681nam a22002057a 4500
999 _c7759
_d7759
001 7759
003 BD-JhCC
005 20180329103853.0
008 180213s1978 |||| |||| 00| 0 d
035 _a(BD-JhCC)7759
040 _aBD-JhCC
_dBD-JhCC
041 _aeng
082 _a001
_bBOR 1978
100 _aবড়াল, এ
245 _aসাধারণ জ্ঞান :
_bদৈনন্দিন বিজ্ঞান ও চলতি ঘটনা /
_cএ বড়াল
260 _aঢাকা :
_bবড়াল প্রকাশনী,
_c১৯৭৮.
300 _a৬৭১ পৃ. :
_c২১ সেমি.
650 _aGeneral Knowledge
942 _2ddc
_cBK